| 000 | 00489cam a22001571 4500 | ||
|---|---|---|---|
| 082 |
_a320.09773 _bSAY _cL-28,P-4 |
||
| 100 | 1 |
_aSayre, Wallace Stanley, _937587 |
|
| 245 | 1 | 0 | _aAmerican government. |
| 250 | _a14th ed. | ||
| 260 |
_aNew York, _bBarnes & Noble _c[c1960] |
||
| 300 |
_axix, 315 p. _bmap, diagrs. _c21 cm. |
||
| 500 | _aPublished in 1932 under title: An outline of American government. | ||
| 526 |
_a0 _b0 _c0 _d320_097730000000000_SAY |
||
| 650 |
_aMCE _9379 |
||
| 942 |
_2ddc _cBK |
||
| 999 |
_c542424 _d542424 |
||